Nursing Ethics and Professional Responsibility in Advanced Practice / (Record no. 15233)
[ view plain ]
| 000 -LEADER | |
|---|---|
| fixed length control field | 02478cam a22003734a 4500 |
| 001 - CONTROL NUMBER | |
| control field | 15215400 |
| 005 - DATE AND TIME OF LATEST TRANSACTION | |
| control field | 20090831120729.0 |
| 008 - FIXED-LENGTH DATA ELEMENTS--GENERAL INFORMATION | |
| fixed length control field | 080310s2009 maua b 001 0 eng |
| 010 ## - LIBRARY OF CONGRESS CONTROL NUMBER | |
| LC control number | 2008011086 |
| 016 7# - NATIONAL BIBLIOGRAPHIC AGENCY CONTROL NUMBER | |
| Record control number | 101468211 |
| Source | DNLM |
| 020 ## - INTERNATIONAL STANDARD BOOK NUMBER | |
| International Standard Book Number | 0763751103 (pbk.) |
| 020 ## - INTERNATIONAL STANDARD BOOK NUMBER | |
| International Standard Book Number | 9780763751104 (pbk.) |
| 035 ## - SYSTEM CONTROL NUMBER | |
| System control number | (OCoLC)ocn213379662 |
| 035 ## - SYSTEM CONTROL NUMBER | |
| System control number | (OCoLC)213379662 |
| 040 ## - CATALOGING SOURCE | |
| Original cataloging agency | DNLM/DLC |
| Transcribing agency | DLC |
| Modifying agency | DLC |
| 050 00 - LIBRARY OF CONGRESS CALL NUMBER | |
| Classification number | RT85 |
| Item number | .G73 2009 |
| 060 10 - NATIONAL LIBRARY OF MEDICINE CALL NUMBER | |
| Classification number | WY 85 |
| Item number | G729n 2009 |
| 082 00 - DEWEY DECIMAL CLASSIFICATION NUMBER | |
| Classification number | 174.2 |
| Edition number | 22 |
| Item number | GRA |
| 100 1# - MAIN ENTRY--PERSONAL NAME | |
| Personal name | Grace, Pamela June. |
| 9 (RLIN) | 23550 |
| 245 10 - TITLE STATEMENT | |
| Title | Nursing Ethics and Professional Responsibility in Advanced Practice / |
| Statement of responsibility, etc | Pamela J. Grace. |
| 260 ## - PUBLICATION, DISTRIBUTION, ETC. (IMPRINT) | |
| Place of publication, distribution, etc | Boston : |
| Name of publisher, distributor, etc | Jones and Bartlett Publishers, 2009 |
| Date of publication, distribution, etc | c2009. |
| 300 ## - PHYSICAL DESCRIPTION | |
| Extent | xvii, 428 p. : |
| Other physical details | ill. ; |
| Dimensions | 23 cm. |
| 504 ## - BIBLIOGRAPHY, ETC. NOTE | |
| Bibliography, etc | Includes bibliographical references and index. |
| 505 0# - FORMATTED CONTENTS NOTE | |
| Formatted contents note | Philosophical foundations of applied and professional ethics / Pamela J. Grace -- Nursing ethics / Pamela J. Grace -- Advanced practice nursing: general ethical concerns / Pamela J. Grace -- Professional responsibility, human rights, and injustice / Pamela J. Grace -- Collaborative relationships: promoting patient good / Deborah Giambanco -- Research ethics: advanced practice roles and responsibilities / Pamela J. Grace -- Nursing ethics and advanced practice: neonatal issues / Peggy Doyle Settle -- Nursing ethics and advanced practice: children and adolescents / Nan Gaylord -- Nursing ethics and advanced practice: women's health / Katharine T. Smith -- Nursing ethics and advanced practice: adult health / Jane Flanagan -- Nursing ethics and advanced practice: psychiatric and mental health issues / Pamela J. Grace and Pamela A. Terreri -- Nursing ethics and nurse anesthesia practice / Gregory Sheedy -- Nursing ethics and advanced practice: gerontology and end-of-life issues / Pamela J. Grace. |
| 650 #0 - SUBJECT ADDED ENTRY--TOPICAL TERM | |
| Topical term or geographic name as entry element | Nursing ethics. |
| 9 (RLIN) | 23551 |
| 650 #0 - SUBJECT ADDED ENTRY--TOPICAL TERM | |
| Topical term or geographic name as entry element | Nurse practitioners. |
| 9 (RLIN) | 23552 |
| 650 12 - SUBJECT ADDED ENTRY--TOPICAL TERM | |
| Topical term or geographic name as entry element | Ethics, Nursing |
| Geographic subdivision | United States. |
| 9 (RLIN) | 23553 |
| 650 22 - SUBJECT ADDED ENTRY--TOPICAL TERM | |
| Topical term or geographic name as entry element | Nurses |
| General subdivision | ethics |
| Geographic subdivision | United States. |
| 9 (RLIN) | 23554 |
| 653 ## - INDEX TERM--UNCONTROLLED | |
| Resource For college | |
| Arrived date list | April2011 |
| 856 41 - ELECTRONIC LOCATION AND ACCESS | |
| Materials specified | Table of contents only |
| Uniform Resource Identifier | <a href="http://www.loc.gov/catdir/toc/ecip0813/2008011086.html">http://www.loc.gov/catdir/toc/ecip0813/2008011086.html</a> |
| 942 ## - ADDED ENTRY ELEMENTS (KOHA) | |
| Source of classification or shelving scheme | Dewey Decimal Classification |
| Item type | Book - Borrowing |
| Withdrawn status | Item status | Source of classification or shelving scheme | Damaged status | Not for loan | Vendor | Home library | Current library | Shelving location | Date acquired | Source of acquisition | Cost, normal purchase price | Serial Enumeration / chronology | Total Checkouts | Total Renewals | Full call number | Barcode | Date last seen | Date last borrowed | Koha item type |
|---|---|---|---|---|---|---|---|---|---|---|---|---|---|---|---|---|---|---|---|
| Dewey Decimal Classification | Arab Oasis | Central Library | Central Library | Lower Floor | 03/05/2011 | 395.00 | 90 | 8 | 19 | 174.2 GRA | 000023514 | 15/07/2025 | 11/04/2023 | Book - Borrowing |